书目信息 |
| 题名: |
量子光场的性质与应用
|
|
| 作者: | 孟祥国 , 王继锁 著 | |
| 分册: | ||
| 出版信息: | 北京 科学出版社 2017.12 |
|
| 页数: | 200页 | |
| 开本: | 24cm | |
| 丛书名: | 现代物理基础丛书 | |
| 单 册: | ||
| 中图分类: | O431.2 | |
| 科图分类: | ||
| 主题词: | 量子光学 | |
| 电子资源: | ||
| ISBN: | 978-7-03-055780-3 | |
| 000 | 01161oam2 2200265 450 | |
| 001 | 384 | |
| 005 | 20180922095732.46 | |
| 010 | @a978-7-03-055780-3@dCNY89.00 | |
| 100 | @a20180412d2017 em y0chiy50 ea | |
| 101 | 0 | @achi |
| 102 | @aCN@b110000 | |
| 105 | @ay az 000yy | |
| 200 | 1 | @a量子光场的性质与应用@9liang zi guang chang de xing zhi yu ying yong@f孟祥国,王继锁著 |
| 210 | @a北京@c科学出版社@d2017.12 | |
| 215 | @a200页@d24cm | |
| 225 | 2 | @a现代物理基础丛书@f杨国桢主编@v84 |
| 320 | @a有书目 | |
| 330 | @a本书是作者对近十年取得的系列学研成果进行总结和提炼而写成的。全书的内容大致分为两部分:一是介绍有序算符内积分法的基本理论,以及由此建立的连续变量纠缠态表象理论、维格纳算符理论和层析图函数理论等;二是介绍利用有序算符内积分法取得的系列学研成果,包括新光场量子态的构造、性质与应用,非高斯量子态的维格纳函数和层析图函数,两体哈密顿量系统的动力学问题,量子主方程的热纠缠态法求解以及量子态在噪声通道中的解析退相干演化等。 | |
| 461 | 0 | @12001 @a现代物理基础丛书 |
| 606 | 0 | @a量子光学 |
| 690 | @aO431.2@v5 | |
| 701 | 0 | @a孟祥国@9meng xiang guo@4著 |
| 701 | 0 | @a王继锁@9wang ji suo@4著 |
| 801 | 0 | @aCN@b91MARC@c20180412 |
| 905 | @aMuseLib@dO431.2@e140 | |
| 量子光场的性质与应用/孟祥国,王继锁著.-北京:科学出版社,2017.12 |
| 200页;24cm.-(现代物理基础丛书/杨国桢主编;84) |
| ISBN 978-7-03-055780-3:CNY89.00 |
| 本书是作者对近十年取得的系列学研成果进行总结和提炼而写成的。全书的内容大致分为两部分:一是介绍有序算符内积分法的基本理论,以及由此建立的连续变量纠缠态表象理论、维格纳算符理论和层析图函数理论等;二是介绍利用有序算符内积分法取得的系列学研成果,包括新光场量子态的构造、性质与应用,非高斯量子态的维格纳函数和层析图函数,两体哈密顿量系统的动力学问题,量子主方程的热纠缠态法求解以及量子态在噪声通道中的解析退相干演化等。 |
| ● |
| 相关链接 |
|
|
|
|
正题名:量子光场的性质与应用
索取号:O431.2/140
 
预约/预借
| 序号 | 登录号 | 条形码 | 馆藏地/架位号 | 状态 | 备注 |
| 1 | 1119629 | 211196294 | 第二样本阅览室/ [索取号:O431.2/140] | 在馆 | |
| 2 | 1119630 | 211196301 | 第三借阅区/ [索取号:O431.2/140] | 在馆 | |
| 3 | 1119631 | 211196310 | 第三借阅区/ [索取号:O431.2/140] | 在馆 | |
| 4 | 1119632 | 211196329 | 第三借阅区/ [索取号:O431.2/140] | 在馆 | |
| 5 | 1119633 | 211196338 | 第三借阅区/ [索取号:O431.2/140] | 在馆 |